000 00652nam a22002057a 4500
999 _c6537
_d6537
003 AR-CdUCM
008 190318b ||||| |||| 00| 0 spa d
020 _a84-7069-288-7
040 _aMUNICIPALIDAD PROVINCIAL DEL CUSCO
_cBIBLIOTECA MUNICIPAL DEL CUSCO
082 _a912 /
_bAT87
110 _aOceano
_918116
245 _aAtlas y geografía universal /
260 _aEspaña :
_bOcéano,
_c1992.
300 _a400 paginas
_c30 cm.
505 _aContenido :La tierra -- Los continentes -- Europa -- Asia -- América del sur ...
650 _aGeografía mundial
_91554
650 _aHistoria universal
_91423
942 _2ddc
_cLIBROS
945 _arum